000 00606nam a2200205 4500
001 111382
003 ES-MaACL
005 20230906185306.0
007 t|
008 061121s1962 sp r ||||1| spa d
100 1 _aNekrasov, Victor.
_985350
245 1 0 _aEn la ciudad natal
_b: novela /
_cVictor Nekrasov; versión de Manuel Rosell Pesant.
260 _aBarcelona :
_bMateu,
_c1962.
300 _a319 p. ;
_c18 cm.
490 1 _aTodo para muchos
700 1 _aRossell Pesant, Manuel.
_999688
830 0 _aTodo para muchos
_9181717
852 _aES-MaACL
_jC-21700
_bR.49979
999 _c111382
_d111382